Toutes les chansons de Michel Sardou - Statistiques

Statistiques générales
  • Ce quiz a été pris 143 fois
    137 depuis la dernière actualisation
  • Le résultat moyen est 60 sur 421
Statistiques - réponses
Hint Réponse % Correct
1981 Les lacs du Connemara
84%
1975 | 2012 Le France
73%
1981 Être une femme
71%
1982 | 2012 Afrique adieu
69%
1967 | 1970 | 1989 Les ricains
69%
1973 | 2012 La maladie d'amour
65%
1986 | 1987 Musulmanes
64%
1976 Je vais t'aimer
63%
1978 Je vole
62%
1970 Les bals populaires
62%
1977 La java de Broadway
59%
1984 Rouge
59%
1978 | 2013 En chantant
58%
1971 Le rire du sergent
58%
1967 | 1970 | 1989 Petit
55%
1983 | 2012 Vladimir Ilitch
53%
1981 | 2012 Je viens du Sud
51%
1970 J'habite en France
51%
1976 Le temps des colonies
51%
1976 J'accuse
50%
1976 Je suis pour
48%
1973 Les vieux mariés
48%
1985 Chanteur de Jazz
45%
1992 Le bac G
45%
1984 Les deux écoles
45%
2004 La rivière de notre enfance
43%
1977 Comme d'habitude
42%
1988 La même eau qui coule
42%
1973 Le curé
42%
1972 Le surveillant général
42%
1997 Salut
42%
1990 Le privilège
41%
1976 La vieille
40%
1990 Marie-Jeanne
38%
1972 Danton
37%
1977 Dix ans plus tôt
37%
1973 Les villes de solitude
37%
1974 Une fille aux yeux clairs
36%
1988 Attention les enfants danger
34%
1970 Et mourir de plaisir
34%
1979 Je ne suis pas mort, je dors
33%
1985 1965
31%
2017 Le figurant
31%
1976 Un roi barbare
31%
1982 Il était là (le fauteuil)
30%
1981 | 1982 Musica
30%
1982 Música
30%
1975 Un accident
30%
2017 Je t'aime
29%
1983 | 1984 L'an mil
29%
1979 Verdun
29%
1983 Les yeux d'un animal
28%
1987 Tous les bateaux s'envolent
28%
1973 Zombi Dupont
28%
1972 Bonsoir Clara
27%
1984 Io Domenico
27%
1974 Je veux l'épouser pour un soir
27%
1976 W 454
27%
1972 Un enfant
26%
1979 Ils ont le pétrole mais c'est tout
24%
1975 Aujourd'hui, peut-être
23%
1988 Le Paraguay n'est plus ce qu'il était
23%
1981 L'autre femme
22%
1968 | 1989 Nous n'aurons pas d'enfant
22%
1988 Le successeur
21%
1997 Casino
20%
2010 Être une femme (2010)
20%
2000 Français
20%
1973 La marche en avant
20%
1992 | 2022 (1992) Le cinéma d'Audiard
20%
2017 San Lorenzo
20%
1980 Victoria
20%
1965 Le madras
19%
1982 Les années 30
19%
2006 Les yeux de mon père
19%
1980 La génération Loving You
17%
1970 La neige
17%
1981 Le mauvais homme
17%
1984 Parce que c'était lui, parce que c'était moi
17%
1997 S'enfuir et après
17%
2010 Voler
17%
1979 Carcassonne
16%
2023 (1992) En quelle année Georgia
16%
1995 Je me souviens d'un adieu
16%
1988 Vincent
16%
1973 Interdit aux bébés
15%
1972 J'ai chanté
15%
1976 Je vous ai bien eus
15%
2017 Le choix du fou
15%
1978 8 jours à El Paso
14%
1969 América, américa
14%
1973 Hallyday (le phénix)
14%
1984 | 2022 (1984) La débandade
14%
1987 Les routes de Rome
14%
1969 | 1972 Monsieur le président de France
14%
1975 Requin chagrin
14%
1985 Une femme, ma fille
14%
1989 Un jour, la liberté
14%
1971 Je t'aime, je t'aime
13%
1983 L'Atlantique
13%
2017 Médecin de campagne
13%
1997 Mon dernier rêve sera pour toi
13%
1983 Si l'on revient moins riches
13%
1997 Tu te reconnaîtras
13%
1971 Vive la mariée
13%
1983 À l'italienne
12%
2006 Allons danser
12%
1997 C'est pas du Brahms
12%
1971 La corrida n'aura pas lieu
12%
1987 Laisse-toi prendre
12%
1968 | 1989 Les dessins
12%
1990 Mam Selle Louisiane
12%
1985 Mélodie pour Élodie
12%
1990 Parlons de toi, de moi
12%
1979 Qui est Dieu ?
12%
1978 6 milliards 900 millions 980 mille
10%
1984 Délire d'amour
10%
1974 J'ai 2000 ans
10%
1971 Laisse-moi vivre
10%
1980 La maison en enfer
10%
1978 Le prix d'un homme
10%
1983 Les balkans et la Provence
10%
1966 Les beatnicks
10%
1970 Les dimanches
10%
1967 Les moutons
10%
1981 Les noces de mon père
10%
1990 | 1991 Le vétéran
10%
2004 Loin
10%
2019 (2017) Où s'en vont les étoiles ?
10%
1966 | 1989 Raconte une histoire
10%
1976 Rien
10%
1997 T'es mon amie, t'es pas ma femme
10%
2000 Corsica
9%
1988 Dans ma mémoire, elle était bleue
9%
1979 Déborah
9%
2004 Du plaisir
9%
2000 La bataille
9%
1983 La première fois qu'on s'aimera
9%
1976 La vallée des poupées
9%
1981 Les mamans qui s'en vont
9%
1972 Le vieux est de retour
9%
1979 Méfions-nous des fourmis
9%
1977 Mon fils
9%
1978 Monsieur Ménard
9%
2017 Pour moi, elle a toujours 20 ans
9%
1970 Restera-t-il encore ?
9%
1985 Une lettre à ma femme pour tout lui expliquer
9%
1982 Vivant
9%
1983 Bière et Fräulein
8%
1977 C'est ma vie
8%
2000 Cette chanson-là
8%
1992 Divorce à l'amitié
8%
2004 Espérer
8%
2004 J'aurais voulu t'aimer
8%
2000 Je n'aurai pas le temps
8%
1978 J'y crois
8%
1987 L'acteur
8%
1990 La maison des vacances
8%
1976 La manif
8%
1979 L'Anatole
8%
1980 La pluie de Jules César
8%
1972 | 2022 (1972) Mon mal de foie
8%
1980 Si j'étais
8%
1967 | 1989 Tu as changé
8%
1973 Tu es Pierre
8%
1967 100 000 universités
7%
1992 55 jours, 55 nuits
7%
2006 Beethoven
7%
1992 Chanter quand même
7%
1982 Côté soleil
7%
1979 Dans la même année
7%
1988 Elle pleure son homme
7%
2017 Et alors !
7%
1968 God Save
7%
1980 K7
7%
1972 La chanson d'adieu
7%
1992 La chanson d'Eddy
7%
2017 La colline de la soif
7%
1997 La défensive
7%
1990 L'album de sa vie
7%
1979 La main aux fesses
7%
1979 L'Amérique
7%
1972 Le fils de Ferdinand
7%
1968 | 1989 Le Folk-Song Melody
7%
1972 Les gens du Show-business
7%
2004 Non merci
7%
2000 Pense à l'Italie
7%
1997 Pleure pas Lola
7%
1979 Quand je serai vieux
7%
1970 Quelques mots d'amour
7%
1973 Tuez-moi
7%
1985 Voyageur immobile
7%
1970 Auprès de ma tombe
6%
1972 Cinq ans passés
6%
1987 Dessins de femme
6%
2004 Dis-moi
6%
1968 | 1989 Je ne t'ai pas trompée
6%
2006 La dernière danse
6%
1980 La donneuse
6%
1980 La haine
6%
2000 L'Amérique de mes dix ans
6%
1968 | 1989 Le centre du monde
6%
1965 Les arlequins
6%
1983 Les bateaux du courrier
6%
1987 Les prochains jours de Pearl Harbour
6%
2022 (1974) Le testament
6%
1984 Los Angelien
6%
1968 Madame je
6%
1982 Maman
6%
1977 Manie, manie
6%
1986 Minuit moins dix
6%
1981 Préservation
6%
1985 Road Book
6%
1994 Selon que vous serez
6%
1968 | 1989 Si j'avais un frère
6%
2022 (2017) Souris-moi
6%
1980 UFO
6%
1979 X-ray
6%
1984 Atmosphères
5%
1972 Avec l'amour
5%
1980 Dossier D
5%
1985 Exit Dylan
5%
2004 Je n'oublie pas
5%
2022 (1984) J'oublie
5%
1983 La chanteuse de Rock
5%
1971 La colombe
5%
1982 L'argent
5%
1978 La tête assez dure
5%
2000 L'avenir, c'est toujours pour demain
5%
1990 L'award
5%
1990 Le blues black brother
5%
1992 Le grand réveil
5%
1967 Le train de la dernière chance
5%
1984 Le verre vide
5%
1966 Le visage de l'année
5%
1994 Ma première femme, ma femme
5%
1994 Maudits français
5%
1998 Qu'est-ce que j'aurais fait, moi ?
5%
2017 Qui m'aime me tue
5%
1977 Seulement l'amour
5%
1985 18 ans, 18 jours
3%
1980 À la volonté du peuple
3%
1990 Au nom du père
3%
2010 Ça viendra forcément
3%
2004 Ce n'est qu'un jeu
3%
2006 Concorde
3%
1984 | 2022 (1984) Délivrance
3%
1966 Dis, Marie
3%
1984 Du blues dans mes chansons
3%
1988 Elle en aura besoin plus tard
3%
2004 J'ai tant d'amour
3%
1997 Je m'en souviendrai sûrement
3%
2004 La vie, la mort etc
3%
1974 Le bon temps, c'est quand ?
3%
1992 Le chanteur des rues
3%
1966 Les filles d'aujourd'hui
3%
1988 Les masques
3%
1985 Les mots d'amour
3%
2006 Les villes hostiles
3%
1975 Le temps rétro
3%
2022 (1971) Lettre au déserteur
3%
1994 Marie ma belle
3%
1992 Méfie-toi, on t'aime
3%
2004 Même si
3%
1982 Merci pour tout (merci papa)
3%
1967 Merci seigneur
3%
1966 Mods et Rockers
3%
2000 On se reverra
3%
2000 Parlez-moi d'elle
3%
1977 Qu'est-ce qu'il a dit ?
3%
2010 Rebelle
3%
2022 (1974) Sans te faire l'amour
3%
1966 Si je parle beaucoup
3%
1994 Tout le monde est star
3%
1987 Tout s'oublie
3%
1992 Tu ne sauras pas ce que tu veux
3%
2010 Une corde pour se noyer
3%
1982 Vengo del Sur
3%
1978 À des années d'ici
2%
2006 Ce qui s'offre
2%
2006 Cette chanson n'en est pas une
2%
2010 Chacun sa vérité
2%
1994 Déjà vu
2%
1977 Dixit Virgile (ad libitum)
2%
1984 | 2022 (1984) Elle revient dans cinq ans
2%
1983 Elle s'en va de moi
2%
2010 Et puis après
2%
1993 Être et ne pas avoir été
2%
1987 Féminin comme
2%
1978 Finir l'amour
2%
1965 Il pleut sur ma vie
2%
2017 J'aimerais savoir
2%
1965 Je n'ai jamais su dire
2%
2006 Je ne suis plus un homme pressé
2%
1977 Je suis l'homme d'un seul amour
2%
2006 Le chant des hommes
2%
2006 Le cœur migrateur
2%
2004 Le livre du temps
2%
2010 Lequel sommes-nous ?
2%
1980 Les amis de l'ABC
2%
1967 Les fougères
2%
2004 Les hommes du vent
2%
1988 Les hommes qui ne dorment jamais
2%
2010 L'humaine différence
2%
2006 L'oiseau tonnerre
2%
1982 Ma mémoire
2%
2006 Nuit de satin
2%
2010 Nuits blanches à Rio
2%
1978 On a déjà donné
2%
2006 On est planté
2%
1994 Purain de temps
2%
2006 Sature
2%
2010 Soleil ou pas
2%
1977 Une drôle de danse
2%
1997 Une femme s'élance
2%
2006 Valentine Day
2%
2006 40 ans
1%
1981 A mi manera
1%
1981 Cantando
1%
1981 Ciudad de soledad
1%
2014 (2004) Comme avant
1%
2022 (2003) D'elle
1%
1982 Diez anos ya
1%
2010 Elle vit toute seule
1%
1975 | 2022 (1974) Fais des chansons
1%
1987 Happy Birthday
1%
2006 Je ne sais plus rien
1%
2006 Je serai là
1%
1989 Je t'attends
1%
1989 La chanson des restos
1%
1980 L'aube du 6 juin
1%
1994 Le monde où tu vas
1%
1993 L'envie
1%
1966 Les 200 jours
1%
1994 Les hommes cavalent
1%
2006 Les jours avec et les jours sans
1%
2006 L'évangile selon Robert
1%
1994 Passer l'amour
1%
2020 (2000) Quelque chose de Tennessee
1%
1982 Si yo fuera
1%
1970 Star con te (e morir)
1%
1989 Sur la route de Memphis
1%
2006 Un motel à Keeseeme
1%
1981 Volver a vivir
1%
1981 Yo te amaré
1%
2022 (1978) C'est une gamine charmante
0%
2022 (1975) Comic Strip
0%
2022 (1979) De la part de personne
0%
1981 El mal de amor
0%
1981 Esa joven feliz
0%
1970 I balli popolari
0%
1979 It's not too late to start again
0%
2022 (1978) Je cherche un millionnaire
0%
2006 Je ne suis pas ce que je suis
0%
2022 (2003) Je sais
0%
2022 (2006) Je t'aime tant
0%
1980 La nuit de l'angoisse
0%
1982 La otra mujer
0%
1979 Last Flight
0%
2005 Le chanteur malheureux
0%
2022 (1978) Les mariés du Music-hall
0%
1974 L'eterna malattia
0%
1980 Marco Perez Playboy
0%
1982 Mi generación
0%
1989 Pour toi, Arménie
0%
2022 (1978) Pub Lui
0%
2022 (1978) Quand on est vraiment amoureux
0%
1994 Selon que vous serez etc, etc
0%
2022 (1966) Styles Courrèges
0%
1989 Ton fils
0%
2010 Une femme extraordinaire
0%
Aucun quiz correspondant
Distribution des résultats
% des personnes avec chaque résultat
Percentile par nombre de réponses
Votre historique - résultats
Vous n’avez pas pris ce quiz depuis la dernière actualisation